Construction Act review (Record no. 76028)

MARC details
000 -LEADER
fixed length control field 01243cab a2200217 4500
001 - CONTROL NUMBER
control field ##L131296
008 - FIXED-LENGTH DATA ELEMENTS--GENERAL INFORMATION
fixed length control field 051018n2005 000 0 eng u
035 ## - SYSTEM CONTROL NUMBER
System control number (Sirsi) u131296
041 0# - LANGUAGE CODE
Language code of text/sound track or separate title eng
100 1# - MAIN ENTRY--PERSONAL NAME
Personal name Gould, Nicholas
245 00 - TITLE STATEMENT
Title Construction Act review
260 ## - PUBLICATION, DISTRIBUTION, ETC.
Date of publication, distribution, etc. 2005
490 00 - SERIES STATEMENT
Series statement Construction Law Journal
Volume/sequential designation 21(6) 2005, 435-455(21)
520 ## - SUMMARY, ETC.
Summary, etc. Reviews the case law surrounding the status of an adjudicator's decision and whether it creates a cause of action in its own right. Concludes that, although only temporary, the decision is binding and surpasses all other contract terms, except where a withholding notice with a similar effect to that in "Shimizu Europe Ltd v LBJ Fabrications Ltd" ([2003] EWHC 1229 (TCC), [2003] BLR 381) is provided for. The decision is subordinate only to an arbitrator's final award or the judgment of the court.
590 ## - LOCAL NOTE (RLIN)
Local note IKA251005
650 24 - SUBJECT ADDED ENTRY--TOPICAL TERM
Topical term or geographic name entry element SHIMIZU EUROPE LTD V L B J FABRICATIONS LTD
650 24 - SUBJECT ADDED ENTRY--TOPICAL TERM
Topical term or geographic name entry element HOUSING GRANTS, CONSTRUCTION AND REGENERATION ACT 1996
651 #4 - SUBJECT ADDED ENTRY--GEOGRAPHIC NAME
Geographic name England and Wales
Chronological subdivision 1543-
690 ## - LOCAL SUBJECT ADDED ENTRY--TOPICAL TERM (OCLC, RLIN)
Topical term or geographic name as entry element MANAGEMENT-DISPUTE AVOIDANCE, MANAGEMENT AND RESOLUTION-DISPUTE MANAGEMENT AND RESOLUTION-ALTERNATIVE DISPUTE RESOLUTION-ADJUDICATION-ADJUDICATION AWARDS
942 ## - ADDED ENTRY ELEMENTS (KOHA)
Suppress in OPAC 0
Holdings
Withdrawn status Lost status Source of classification or shelving scheme Damaged status Not for loan Home library Current library Shelving location Date acquired Total Checkouts Full call number Barcode Date last seen Copy number Price effective from Koha item type
    Dewey Decimal Classification     London London Journal article 18/10/2005   L131296 131296-1001 06/08/2019 1 06/08/2019 Journal article